Overall Study on Hatcheries with Special Reference to Souza Hatcheries Mangalore (Record no. 230344)
[ view plain ]
| 000 -LEADER | |
|---|---|
| fixed length control field | 00423nam a22001457a 4500 |
| 005 - DATE AND TIME OF LATEST TRANSACTION | |
| control field | 20240314150229.0 |
| 008 - FIXED-LENGTH DATA ELEMENTS--GENERAL INFORMATION | |
| fixed length control field | 240314b ||||| |||| 00| 0 eng d |
| 040 ## - CATALOGING SOURCE | |
| Transcribing agency | AL |
| 041 ## - LANGUAGE CODE | |
| Language code of text/sound track or separate title | English |
| 082 ## - DEWEY DECIMAL CLASSIFICATION NUMBER | |
| Edition number | 23 |
| Classification number | 636.5 |
| Item number | OVER |
| 100 ## - MAIN ENTRY--PERSONAL NAME | |
| Personal name | Vijay Rebello |
| 100 ## - MAIN ENTRY--PERSONAL NAME | |
| 9 (RLIN) | 154366 |
| 245 ## - TITLE STATEMENT | |
| Title | Overall Study on Hatcheries with Special Reference to Souza Hatcheries Mangalore |
| 650 ## - SUBJECT ADDED ENTRY--TOPICAL TERM | |
| Topical term or geographic name entry element | Project Report 1994-1997 |
| 9 (RLIN) | 154367 |
| 942 ## - ADDED ENTRY ELEMENTS (KOHA) | |
| Source of classification or shelving scheme | Dewey Decimal Classification |
| Koha item type | Project Report |
| Withdrawn status | Lost status | Source of classification or shelving scheme | Damaged status | Not for loan | Collection code | Home library | Current library | Date acquired | Total Checkouts | Full call number | Barcode | Date last seen | Price effective from | Koha item type |
|---|---|---|---|---|---|---|---|---|---|---|---|---|---|---|
| Dewey Decimal Classification | Not for loan | General | St Aloysius Library | St Aloysius Library | 03/14/2024 | 636.5 OVER | D01756 | 03/14/2024 | 03/14/2024 | Project Report |